000
00222nam a2200085Ia 4500
008
150509s9999 xx 000 0 und d
082
_a
519.50 246 58 STA
100
_a
LEVINE, David M [et.al]
245
_a
Statistics for managers
999
_c
11501
_d
11501